01403agaaa2200277 45000010005000000030009000050050017000140070009000310080040000400400023000800410013001031000044001161300025001602450204001852500022003892600122004113000034005335080154005675110087007215200115008085380016009235460013009396500058009527000056010107000059010666181IT-RoPAU20220918181246.0d cvaizq50131s9999||||xx ||| | || ||und|| aIT-RoPAUcIT-RoPAU aITALIANO aLai SandrogCodice regista SPICS: 11249 aUN ANNO AD AZZANIDO' aUN ANNO AD AZZANIDO'cProdotto da: Castelli Claudio -- Sceneggiatura: Di Geronimo Bruno Anchisi Piero Lai Sandro -- Diretto da: Lai SandropUN ANNO AD AZZANIDO' (Rif. Codice opera principale : 26181) aEdizione Standard aROMA (ITALIA)bRAI - RADIO TELEVISIONE ITALIANA / Distribuzione: RAIg"1983 (1° ed.: 1984 ; Ed. Lingua Orig.: 1983)" aVHSbsonoro, col.c100 minuti a"Fotografia: Filippini Angelo; Montaggio: Martinelli Marcello; Musica: Ramoino Marcello; Sceneggiatura: Di Geronimo Bruno Anchisi Piero Lai Sandro; " a"Noe' Franco; Orchis Isella; Careddu Rosalia; Petilli Tino; Amadu Fabio; Asara C." aESPERIENZA DI UNA MAESTRINA IN UN PAESINO SARDOLO SCENEGGIATO E' TRATTO DALLA TESTIMONIANZA DI LUISELLA DEMURO aPAL, STEREO aITALIANO aDOCUMENTARIOeFILMS [VHS]xCodice MATERIA SPICS: 9960 aLai Sandro e(regista)gCodice regista SPICS: 11249 aRamoino Marcelloe(musica)gCodice Musica SPICS: 30789